000 00445nam a22001817a 4500
005 20250827122614.0
008 160502b xxu||||| |||| 00| 0 eng d
020 _a81-259-1118-9
041 _aeng
082 _a339
100 _aVAISH ,M C
_94265
245 _aMACROECONOMIC THEORY [12TH.ED.]
250 _a12TH ED.
260 _bVikas Publishing house Pvt. Ltd.
_c2004
_aNEW DELHI
300 _a643;P
650 _aMANAGEMENT
942 _cBK
999 _c414
_d414